000 00398nam a2200157Ia 4500
008 210716s2003 xx 000 0 und d
020 _a812970241X
041 _aeng
082 _a005.44 BALB
100 _aBall, Bill;Duff, Hoyt.
245 _aRed hat linux 9: unleashed.
_bUnleashed.
250 _a1
260 _aNew Delhi
_bPearson Education
_c2003
300 _axxvii,1002
650 _aLinux
999 _c186031
_d186031